Bleděmodře pruhovaný /

Main Author: Tomanová, Tereza
Language: Czech
Published: Praha : Studio Art Print, c2012
Edition: 1. vyd.
Physical Description: 397 s. : barev. il. ; 22 cm
Book
Saved in:
LEADER 00961nam a2200313 a 4500
001 nkc20122428299
003 CZ PrNK
005 20130227063934.0
007 ta
008 130211s2012 xr a g 000 f cze
015 |a cnb002428299 
020 |a 978-80-260-3542-8  |q (váz.) 
035 |a (OCoLC)829661449 
040 |a ABA001  |b cze 
072 7 |a 821.162.3-3  |x Česká próza  |2 Konspekt  |9 25 
080 |a 821.162.3-31  |2 MRF 
080 |a (0:82-31)  |2 MRF 
100 1 |a Tomanová, Tereza  |7 jo2013746454  |4 aut 
245 1 0 |a Bleděmodře pruhovaný /  |c Tereza Tomanová 
250 |a 1. vyd. 
260 |a Praha :  |b Studio Art Print,  |c c2012 
300 |a 397 s. :  |b barev. il. ;  |c 22 cm 
655 7 |a české romány  |7 fd133974  |2 czenas 
655 9 |a Czech fiction  |2 eczenas 
910 2 |a BOA001  |b 2-1297.819 
990 |a BK 
995 |a 01 
991 |b 201302  |e b 
996 6 |b 2610538258  |c 2-1297.819  |l MZK  |r Sklad / do 1 hodiny  |n 0  |p p.v.  |w 001312518  |u 000010  |a 1  |e BOA001  |j MZK50  |s P